000 00593nam a2200169 i 4500
001 186612
003 ES-MaACL
005 20230906222715.0
008 161207s1931 sp |||| | spa d
080 _a821.134.2-31"19"
100 1 _aRosa España
_cSeud. de Concha C. de Múgica.
_9161410
245 1 0 _aBesar_ y olvidar
_b: (novela) /
_cRosa España (Concha C. de Múgica).
260 _aBarcelona :
_bImp. "La Ibérica",
_c1931.
300 _a262 p. ;
_c19 cm.
500 _aDed. autógr. de la autora a Luis de Madariaga, en 1941.
852 _aES-MaACL
_jL-30997
_q- Ejemp. falto de cub.
999 _c186612
_d186612